| 000 | 00703nam a2200205 i 4500 | ||
|---|---|---|---|
| 001 | 136360 | ||
| 003 | ES-MaACL | ||
| 005 | 20230906195113.0 | ||
| 007 | t| | ||
| 008 | 070214s1941 sp r ||||1| spa d | ||
| 100 | 1 |
_aRuppert, Ricardo. _9101006 |
|
| 245 | 1 | 0 |
_aGramática de la lengua alemana _b: método teórico-práctico para uso de los españoles / _cpor Ricardo Ruppert. |
| 250 | _a10ª ed. | ||
| 260 |
_aMadrid : _bLibrería Internacional de Romo [etc.], _c1941. |
||
| 300 |
_aXII, 440 p. ; _c20 cm. |
||
| 500 | _aPrecede al tít.: Método Gaspey-Otto-Sauer. | ||
| 650 | 0 | 4 |
_aLengua alemana- _vMétodos. _914086 |
| 740 | 0 | _aMétodo Gaspey-Otto-Sauer. | |
| 852 |
_aES-MaACL _jE-2173 _bR.23081 |
||
| 999 |
_c136360 _d136360 |
||